000 00433nam a2200157Ia 4500
008 240729s9999 xx 000 0 und d
022 _a2772-4115
245 0 _aNature-Based Solutions
260 _aUnited States
260 _bElsevier
650 _a Environmental sciences
650 _aGeography. Anthropology. Recreation
856 _uhttps://doaj.org/toc/619007a66bb7497aa431f032a785ef02
942 _2ddc
942 _cDOAJEJ
999 _c65628
_d65628
945 _a1
_bMadushi Gamage
_c1
_dMadushi Gamage